000 00678nam a2200205Ii 4500
003 JO-AjNU
008 230605s9999||||xx |||||||||||||| ||und||
017 _a1998/3/395
040 _aJO-AjNU
_bara
_erda
_cJO-AjNU
041 _aara
050 1 4 _aDS154.5.S2264 1998
100 3 _aسعادة، علي محمد ,
_eauthor
_950567
245 0 0 _aالمعارضة الساسية الأردنية في سبعين عاما 1921-1991
264 3 1 _aعمان: المؤلف، 1998
300 _a94ص
336 _atext
_btxt
_2rdacontent
337 _aunmediated
_bn
_2rdamedia
338 _avolume
_bnc
_2rdacarrier
650 4 _aالاحزاب السياسية - الاردن
_950568
999 _aA22283
_c25851
_d25851